|
|
|
|
| LEADER |
00000naa2a2200000 4500 |
| 001 |
626916 |
| 005 |
20231101133433.0 |
| 035 |
|
|
|a (RuTPU)RU\TPU\conf\26589
|
| 035 |
|
|
|a RU\TPU\conf\26578
|
| 090 |
|
|
|a 626916
|
| 100 |
|
|
|a 20180808d2018 k y0rusy50 ca
|
| 101 |
0 |
|
|a rus
|
| 102 |
|
|
|a RU
|
| 105 |
|
|
|a y z 101zy
|
| 135 |
|
|
|a drgn ---uucaa
|
| 181 |
|
0 |
|a i
|
| 182 |
|
0 |
|a b
|
| 200 |
1 |
|
|a Равновесие конкурентной сорбции ионов меди и германия (IV) из хлоридных растворов на анионите АН-31
|f Е. А. Строганова, А. Ю. Стрельникова
|g науч. рук. С. Г. Безрядин
|
| 203 |
|
|
|a Текст
|c электронный
|
| 225 |
1 |
|
|a Теоретические и прикладные аспекты физической и аналитической химии
|
| 230 |
|
|
|a 1 компьютерный файл (pdf; 656 Kb)
|
| 300 |
|
|
|a Заглавие с экрана
|
| 320 |
|
|
|a [Библиогр.: с. 297 (1 назв.)]
|
| 463 |
|
0 |
|0 (RuTPU)RU\TPU\conf\26227
|t Химия и химическая технология в XXI веке
|o материалы XIX Международной научно-практической конференции студентов и молодых ученых имени профессора Л. П. Кулёва, 21-24 мая 2018 г., г. Томск
|f Национальный исследовательский Томский политехнический университет
|v [С. 296-297]
|d 2018
|
| 610 |
1 |
|
|a электронный ресурс
|
| 610 |
1 |
|
|a равновесие
|
| 610 |
1 |
|
|a сорбция
|
| 610 |
1 |
|
|a ионы меди
|
| 610 |
1 |
|
|a германий
|
| 610 |
1 |
|
|a хлоридные растворы
|
| 610 |
1 |
|
|a аниониты
|
| 610 |
1 |
|
|a переработка отходов
|
| 610 |
1 |
|
|a твердые отходы
|
| 610 |
1 |
|
|a медеплавильное производство
|
| 700 |
|
1 |
|a Строганова
|b Е. А.
|
| 701 |
|
1 |
|a Стрельникова
|b А. Ю.
|
| 702 |
|
1 |
|a Безрядин
|b С. Г.
|4 727
|
| 712 |
0 |
2 |
|a Оренбургский государственный университет (ОГУ)
|c (1996- )
|2 stltpush
|3 (RuTPU)RU\TPU\col\6683
|
| 712 |
0 |
2 |
|a Филиал РГУ нефти и газа имени И. М. Губкина в г. Оренбурге
|
| 801 |
|
2 |
|a RU
|b 63413507
|c 20180821
|g RCR
|
| 856 |
4 |
|
|u http://earchive.tpu.ru/handle/11683/49759
|
| 942 |
|
|
|c BK
|